Central Library OPAC University of Rajshahi

Old World archaeology: foundations of civilization : (Record no. 26704)

MARC details
000 -LEADER
fixed length control field 00974cam a2200301 4500
001 - CONTROL NUMBER
control field 26704
003 - CONTROL NUMBER IDENTIFIER
rucl marc code BD-RjUL
005 - DATE AND TIME OF LATEST TRANSACTION
control field 20211209051044.0
008 - FIXED-LENGTH DATA ELEMENTS--GENERAL INFORMATION
fixed length control field 140323s1972 caua b 001 0 eng
020 ## - INTERNATIONAL STANDARD BOOK NUMBER
International Standard Book Number 0716708604
-- 0716708590 (pbk.)
035 ## - SYSTEM CONTROL NUMBER
System control number (BD-RjUL)26774
040 ## - CATALOGING SOURCE
Original cataloging agency DLC
Transcribing agency DLC
Modifying agency DLC
Language of cataloging eng
041 ## - LANGUAGE CODE
Language code of text/sound track or separate title eng
082 00 - DEWEY DECIMAL CLASSIFICATION NUMBER
Classification number 913.031
Author mark and year OLD 1972
245 00 - TITLE STATEMENT
Title Old World archaeology: foundations of civilization :
Remainder of title readings from Scientific American /
Statement of responsibility, etc. With introductions by C. C. Lamberg-Karlovsky.
260 ## - PUBLICATION, DISTRIBUTION, ETC. (IMPRINT)
Place of publication, distribution, etc. San Francisco :
Name of publisher, distributor, etc. W. H. Freeman,
Date of publication, distribution, etc. 1972
300 ## - PHYSICAL DESCRIPTION
Pagination 260 p. :
Illustrations illus. ;
Size 29 cm.
350 ## - PRICE (NR) (BK AM CF MU VM SE) [OBSOLETE]
Price $10.00
504 ## - BIBLIOGRAPHY, ETC. NOTE
Bibliography, etc Includes index
650 #0 - SUBJECT ADDED ENTRY--TOPICAL TERM
Topical term or geographic name as entry element Prehistoric peoples.
9 (RLIN) 82053
Topical term or geographic name as entry element Prehistoric peoples
Geographic subdivision Middle East.
9 (RLIN) 82054
651 #0 - SUBJECT ADDED ENTRY--GEOGRAPHIC NAME
Geographic name Middle East
General subdivision Antiquities.
9 (RLIN) 66124
700 2# - ADDED ENTRY--PERSONAL NAME
Personal name Lamberg-Karlovsky, C. C.,
Dates associated with a name 1937-
942 ## - ADDED ENTRY ELEMENTS (KOHA)
Source of classification or shelving scheme Dewey Decimal Classification
Koha item type Books
Holdings
Lost status Source of classification or shelving scheme Damaged status Not for loan Collection code Permanent Location Current Location Shelving location Date acquired Source of acquisition Cost, normal purchase price Total Checkouts Full call number Date last seen Copy number Koha item type
  Dewey Decimal Classification   Added to bundle Non-fiction Central Library, University of Rajshahi Central Library, University of Rajshahi Reading Room 02/04/1977 lions international 0.00   913.031 OLD 1972 23/03/2014 C-1 Books